[Event "Goch op"]
[Site "Goch"]
[Date "1993.??.??"]
[Round "5"]
[White "Rosenberger, Frank"]
[Black "Evers, Leo"]
[Result "1-0"]
[WhiteElo "2140"]
[BlackElo "1900"]

1.e4 g6 2.d4 Bg7 3.Nc3 d6 4.Be3 Nf6 5.f3 c6 6.Qd2 O-O 7.Nge2 Nbd7 8.Bh6 b5
9.h4 b4 10.Nd1 c5 11.h5 Ba6 12.hxg6 fxg6 13.Bxg7 Kxg7 14.Qh6+ Kg8 15.Nf4 Qa5
16.Bxa6 Qxa6 17.Ne6 Rf7 18.Nc7 Qc6 19.Nxa8 Qxa8 20.c3 Qb7 21.Qd2 Nh5 22.cxb4 cxd4
23.Qxd4 Ne5 24.a3 Rxf3 25.Qd5+ Qxd5 26.exd5 Rg3 27.O-O g5 28.Rf2 Nf4 29.Kh1 Ng4
30.Rd2 h5 31.Rc1 Ne5 32.Rc3 Nfd3 33.Kh2 h4 34.Rdxd3 Nxd3 35.b5 Nf4 36.Rxg3 hxg3+
37.Kxg3 Nxd5 38.Kg4 Kf7 39.Kxg5 Ke6 40.a4 Ke5 41.Nc3 Ne3 42.g4 d5 43.a5 d4
44.b6 axb6 45.a6 dxc3 46.bxc3 Nd5 47.a7 Nc7 48.Kh6 Kf4 49.g5 e5 50.g6 e4
51.g7 e3 52.g8=Q e2 53.Qg1 Ke4 54.Kg6 Kd3 55.Qe1  1-0

[Event "Gran Canaria op"]
[Site "Gran Canaria"]
[Date "1993.??.??"]
[Round "9"]
[White "Tseshkovsky, Vitaly"]
[Black "Strikovic, Aleksa"]
[Result "0-1"]
[WhiteElo "2540"]
[BlackElo "2465"]

1.e4 g6 2.d4 Bg7 3.Nc3 d6 4.Be3 c6 5.a4 Nf6 6.h3 Qa5 7.Qd2 e5 8.Nf3 O-O 9.Bd3 Nbd7
10.O-O Re8 11.Rfe1 exd4 12.Nxd4 Nc5 13.b4 Qxb4 14.a5  0-1

[Event "Graz zt"]
[Site "Graz"]
[Date "1993.??.??"]
[Round "11"]
[White "Lendwai, Reinhard"]
[Black "Lau, Ralf"]
[Result "1-0"]
[WhiteElo "2410"]
[BlackElo "2530"]

1.e4 d6 2.d4 g6 3.Nc3 Bg7 4.Be3 c6 5.Qd2 Nd7 6.f3 b5 7.g4 a6 8.Nge2 Nb6 9.b3 Nf6
10.Bg2 Bb7 11.Ng3 Qc7 12.Nce2 c5 13.h4 h5 14.g5 Nfd7 15.f4 cxd4 16.Bxd4 Bxd4
17.Qxd4 O-O 18.O-O-O Rac8 19.Rd2 Qc5 20.Qb2 e5 21.f5 a5 22.Rhd1 Rc6 23.Bh3 Re8
24.Kb1 Rec8 25.c3 Ba6 26.fxg6 fxg6 27.Be6+ Kg7 28.Rf1 Rf8 29.Rdd1 Rcc8 30.Qd2 Rxf1
31.Rxf1 Rf8 32.Rd1 b4 33.c4 Re8 34.Qxd6 Qxd6 35.Rxd6 Nc5 36.Bd5 Rb8 37.Rc6 Nbd7
38.Rc7 Rc8 39.Ra7 Kf8 40.Kc2 Ke7 41.Kd2 Kd6 42.Ke3 Rf8 43.Nxh5 a4 44.Nhg3 axb3
45.axb3 Bc8 46.h5 Nb6 47.hxg6 Nxd5+ 48.exd5 Rg8 49.Rh7 Bg4 50.Nc1 Rf8 51.Rf7 Rxf7
52.gxf7 Ke7 53.g6 Bd1 54.Ne4  1-0

[Event "Groningen PCA"]
[Site "Groningen"]
[Date "1993.??.??"]
[Round "4"]
[White "Lobron, Eric"]
[Black "Azmaiparashvili, Zurab"]
[Result "1-0"]
[WhiteElo "2575"]
[BlackElo "2630"]

1.d4 d6 2.e4 g6 3.Nc3 Bg7 4.f4 Nc6 5.Bb5 a6 6.Bxc6+ bxc6 7.Nf3 Bg4 8.O-O Qb8
9.h3 Bxf3 10.Rxf3 Qb6 11.Be3 Qxb2 12.Bf2 Qb7 13.f5 c5 14.Rb1 Qc6 15.Nd5 Nf6
16.c4 Kf8 17.e5 Nxd5 18.cxd5 Qxd5 19.f6 Bh6 20.Rfb3 Rd8 21.Rb8 dxe5 22.Qf3  1-0

[Event "Groningen PCA"]
[Site "Groningen"]
[Date "1993.??.??"]
[Round "6"]
[White "Yermolinsky, Alex"]
[Black "Azmaiparashvili, Zurab"]
[Result "1/2-1/2"]
[WhiteElo "2605"]
[BlackElo "2630"]

1.d4 d6 2.e4 g6 3.Nc3 Bg7 4.Bg5 Nc6 5.Nge2 f6 6.Be3 e5 7.Qd2 Nge7 8.d5 Nb8
9.O-O-O O-O 10.f4 Nd7 11.g4 f5 12.gxf5 gxf5 13.Rg1 fxe4 14.Bh3 Nb6 15.Bxc8 Nc4
16.Be6+ Kh8 17.Qe1 Nxe3 18.Rxg7 Nxd1 19.Rxh7+ Kxh7 20.Qh4+ Kg7 21.Qg4+ Kh8
22.Nxe4 Ng8 23.Qh5+ Kg7 24.Qg4+ Kh8 25.Qh5+ Kg7 26.Qg4+  1/2-1/2

[Event "Gyula"]
[Site "Gyula"]
[Date "1993.??.??"]
[Round "1"]
[White "Emodi, Gyula"]
[Black "Gross, Dav"]
[Result "1/2-1/2"]
[WhiteElo "2345"]
[BlackElo "2270"]

1.e4 g6 2.d4 Bg7 3.Nc3 d6 4.Be3 Nf6 5.f3 O-O 6.Qd2 c6 7.g4 b5 8.h4 e5 9.dxe5 dxe5
10.Bd3 h5 11.Bg5 Qd6 12.O-O-O hxg4 13.Qg2 b4 14.Na4 gxf3 15.Nxf3 Qe6 16.Rdg1 Nh5  1/2-1/2

[Event "Hallsberg opJ"]
[Site "Hallsberg"]
[Date "1993.??.??"]
[Round "?"]
[White "Hellsten, Johan"]
[Black "Nouro, Mikael"]
[Result "1-0"]
[WhiteElo "2315"]
[BlackElo "2215"]

1.e4 g6 2.d4 Bg7 3.Nc3 d6 4.Nge2 Nf6 5.g3 O-O 6.Bg2 Nbd7 7.O-O e5 8.h3 Re8
9.Be3 exd4 10.Bxd4 c6 11.g4 Nf8 12.Ng3 Be6 13.g5 N6d7 14.f4 f6 15.gxf6 Nxf6
16.Nce2 Bc4 17.Re1 Ne6 18.Be3 Qe7 19.b3 Bxe2 20.Qxe2 Nd7 21.Rad1 Qh4 22.Qg4 Qxg4
23.hxg4 Nf6 24.Bf3 d5 25.f5 dxe4 26.Nxe4 Nxe4 27.Bxe4 Nc7 28.Bg5 gxf5 29.Bxf5 Bd4+
30.Kg2 Rxe1 31.Rxe1 Re8 32.Rh1 Re2+ 33.Kf3 Rf2+ 34.Kg3 Nd5 35.Bxh7+ Kg7 36.Bd3 Nc3
37.Rh7+ Kg8 38.Rd7 Bc5 39.b4 Bb6 40.Rxb7 Nd1 41.Bh6 Bd4 42.g5 Be5+ 43.Kg4 Ne3+
44.Kh5 Nd5 45.Rxa7 Nf4+ 46.Kg4 Nxd3 47.cxd3 Rf4+ 48.Kh5 Rxb4 49.Kg6 Rb6 50.Ra8+ Bb8
51.Bg7 c5+ 52.Bf6 Kf8 53.a4  1-0

[Event "Hamburg-ch"]
[Site "Hamburg"]
[Date "1993.??.??"]
[Round "?"]
[White "Maahs, Erich"]
[Black "Engelbert, Christoph"]
[Result "1-0"]
[WhiteElo "2280"]
[BlackElo "2270"]

1.e4 g6 2.d4 Bg7 3.Nc3 d6 4.f4 Nf6 5.e5 Nfd7 6.Nf3 e6 7.Ne4 d5 8.Nf2 b6 9.c3 Ba6
10.Bxa6 Nxa6 11.Qd3 Nab8 12.g4 h5 13.h3 hxg4 14.hxg4 Rxh1+ 15.Nxh1 c5 16.f5 gxf5
17.gxf5 exf5 18.Qxf5 Qe7 19.Kf2 Qe6 20.Ng3 Nf8 21.Ng5 Qd7 22.Be3 Ne6 23.Nh5 Qe7
24.Nxe6 fxe6 25.Nxg7+ Qxg7 26.Qxe6+ Qe7 27.Qc8+ Kf7 28.Rh1 Qf8 29.Qg4 Ke7+
30.Ke2 Qf7 31.Bg5+ Kf8 32.Rh8+  1-0

[Event "Wichern op"]
[Site "Hamburg"]
[Date "1993.??.??"]
[Round "9"]
[White "Westerinen, Heikki MJ"]
[Black "Krasenkow, Michal"]
[Result "0-1"]
[WhiteElo "2385"]
[BlackElo "2595"]

1.e4 g6 2.d4 Bg7 3.Nc3 d6 4.Nf3 Nf6 5.Be2 O-O 6.O-O c6 7.a4 a5 8.h3 Na6 9.Re1 Nb4
10.Bf1 e5 11.Be3 Qe7 12.dxe5 dxe5 13.Nd2 Be6 14.b3 Rfd8 15.Qc1 Nh5 16.Na2 Nf4
17.Nxb4 axb4 18.Kh2 Qh4 19.Nf3 Qh5 20.Ng1 g5 21.f3 Qg6 22.Rd1 f5 23.Rxd8+ Rxd8
24.Qe1 fxe4 25.Bb6 Rd7 26.fxe4 g4 27.h4 Bh6 28.g3 Nh5 29.Be3 Bf4 30.gxf4 exf4
31.Bc1 Qf6 32.Ra2 f3 33.Nxf3 Qxf3 34.Bg2 Rd1 35.Bxf3 Rxe1 36.Bd2 Rf1 37.Bxg4 Bxg4
38.Bxb4 Bf3  0-1

[Event "Harkany op"]
[Site "Harkany"]
[Date "1993.??.??"]
[Round "1"]
[White "Ivan, Attila"]
[Black "Burmakin, Vladimir"]
[Result "0-1"]
[WhiteElo "2240"]
[BlackElo "2460"]

1.e4 d6 2.d4 g6 3.Nc3 Bg7 4.Be3 Nd7 5.Qd2 c6 6.h4 Ngf6 7.f3 b5 8.O-O-O b4
9.Nce2 Qa5 10.Kb1 Ba6 11.Nh3 Nb6 12.b3 c5 13.Nc1 c4 14.a4 Rb8 15.Na2 Nxa4
16.bxa4 Qxa4 17.g4 c3 18.Qc1 b3 19.cxb3 Rxb3+ 20.Ka1 Rb2  0-1

[Event "Helsinki"]
[Site "Helsinki"]
[Date "1993.??.??"]
[Round "3"]
[White "Kiik, Kalle"]
[Black "Maki, Veijo"]
[Result "0-1"]
[WhiteElo "2365"]
[BlackElo "2400"]

1.e4 g6 2.d4 Bg7 3.Nc3 d6 4.Be2 Nf6 5.h4 h5 6.Nh3 O-O 7.Ng5 Nc6 8.Be3 e5
9.d5 Nd4 10.Bxd4 exd4 11.Qxd4 c6 12.Qd2 cxd5 13.exd5 Bf5 14.O-O Rc8 15.Bd3 Bxd3
16.Qxd3 Ng4 17.Rae1 Qb6 18.Re7 Qxb2 19.Nce4 Rxc2 20.Rxb7 Qxb7 21.Qxc2 Qxd5
22.Rd1 Qf5 23.Rxd6 Re8 24.Qa4 Qxf2+  0-1

[Event "Herzliya"]
[Site "Herzliya"]
[Date "1993.??.??"]
[Round "5"]
[White "Afek, Yochanan"]
[Black "Davies, Nigel R"]
[Result "0-1"]
[WhiteElo "2430"]
[BlackElo "2505"]

1.e4 g6 2.d4 Bg7 3.Nc3 d6 4.Bg5 Nc6 5.Nge2 Nf6 6.d5 Ne5 7.Nd4 c5 8.Bb5+ Bd7
9.Bxd7+ Qxd7 10.Nf3 Qg4 11.Kf1 Nxf3 12.Bxf6 Nxh2+ 13.Rxh2 Qxd1+ 14.Nxd1 Bxf6
15.c4 Kd7 16.Ke2 h5 17.Kd3 a6 18.a4 b5 19.axb5 axb5 20.Rxa8 bxc4+ 21.Kxc4 Rxa8
22.Nc3 Rb8 23.Nb5 Bxb2 24.f4 Ra8 25.Kb3 Bf6  0-1

[Event "Herzliya"]
[Site "Herzliya"]
[Date "1993.??.??"]
[Round "11"]
[White "Afek, Yochanan"]
[Black "Gofshtein, Leonid D"]
[Result "1/2-1/2"]
[WhiteElo "2430"]
[BlackElo "2540"]

1.e4 d6 2.d4 g6 3.Nc3 Bg7 4.Nf3 a6 5.Be3 b5 6.a3 Bb7 7.Bd3 Nd7 8.O-O c5 9.Re1 Ngf6
10.d5 O-O 11.h3 e6 12.dxe6 fxe6 13.Bg5 Qc7 14.Qd2 c4 15.Bf1 Nc5 16.Nd4 Nfxe4
17.Nxe4 Bxe4 18.Nxe6 Nxe6 19.Rxe4 Nxg5 20.Qxg5 Qb6 21.Qd2 Bxb2 22.Rb1 Be5
23.Bxc4+ Kh8 24.Bd5 Rac8 25.c4 Qc5  1/2-1/2

[Event "Hlinsko op"]
[Site "Hlinsko"]
[Date "1993.??.??"]
[Round "?"]
[White "Malivanek, Jiri"]
[Black "Brychta, Ivan"]
[Result "1-0"]
[WhiteElo "2195"]
[BlackElo "2300"]

1.e4 d6 2.d4 g6 3.Nc3 Bg7 4.Be3 Nf6 5.f3 O-O 6.h4 Nh5 7.Bc4 e5 8.Nge2 Nc6
9.d5 Na5 10.Bd3 c5 11.g4 Nf6 12.Ng3 h5 13.gxh5 Nxh5 14.Nxh5 gxh5 15.Qd2 Kh7
16.O-O-O f5 17.exf5 Bxf5 18.Bg5 Qd7 19.Ne4 c4 20.Be2 Qa4 21.Kb1 Rac8 22.Be7 c3
23.bxc3 Bxe4 24.Bxf8 Bxf8 25.fxe4 Bh6 26.Qe1 Nc4 27.Bxc4 Qxc4 28.Rg1 Bf4
29.Ka1 b6 30.Rb1 Rg8 31.Rxg8 Kxg8 32.Rb4 Qc5 33.Kb2 Kh7 34.Qf1 Qe3 35.Rc4 Kh6
36.Rc6 Qxe4 37.Rxd6+ Kh7 38.Qd3 Qxd3 39.cxd3 Bg3 40.Re6  1-0

[Event "Hlinsko op"]
[Site "Hlinsko"]
[Date "1993.??.??"]
[Round "?"]
[White "Malivanek, Jiri"]
[Black "Pasztor, Ferenc"]
[Result "1-0"]
[WhiteElo "2195"]
[BlackElo "2240"]

1.e4 g6 2.d4 Bg7 3.Nc3 d6 4.Be3 Nc6 5.d5 Ne5 6.f4 Ng4 7.Bd4 Bf6 8.Nf3 c5
9.dxc6 bxc6 10.e5 c5 11.Bg1 dxe5 12.Qxd8+ Kxd8 13.O-O-O+ Kc7 14.h3 e4 15.Nxe4 Bb7
16.Nxc5 Bxf3 17.gxf3 N4h6 18.Rd7+ Kc6 19.Ba6 Rb8 20.Bb7+ Rxb7 21.Rxb7 Nf5
22.Rxa7 Ngh6 23.c4 Nd4 24.Ne4 Ne2+ 25.Kc2 Bd4 26.Bxd4 Nxd4+ 27.Kc1 Nhf5 28.b4 Rd8
29.b5+ Kb6 30.Ra6+ Kc7 31.a4 Ne3 32.c5 f5 33.Nc3 Nxf3 34.Re6 Nc4 35.Rxe7+ Kc8
36.Rd1 Nd4 37.c6 h6 38.Rd7  1-0

[Event "Hlinsko op"]
[Site "Hlinsko"]
[Date "1993.??.??"]
[Round "?"]
[White "Bibik, Jura"]
[Black "Pasztor, Ferenc"]
[Result "1-0"]
[WhiteElo "2220"]
[BlackElo "2240"]

1.e4 g6 2.d4 Bg7 3.Nc3 d6 4.Nf3 c6 5.a4 a5 6.Be2 Nd7 7.O-O e6 8.Re1 e5 9.dxe5 dxe5
10.b3 Nh6 11.Ba3 Bf8 12.Bxf8 Rxf8 13.Qc1 Ng8 14.Nd1 f6 15.Ne3 Nc5 16.Rd1 Qe7
17.Nc4 Kf7 18.Qe3 Kg7 19.Nb6 Rb8 20.Nd2 f5 21.Nxc8 Rbxc8 22.exf5 gxf5 23.Nc4 Ne4
24.f3 b5 25.Nb6 Ng5 26.Rd7  1-0

[Event "HUN-chT2"]
[Site "HUN"]
[Date "1993.??.??"]
[Round "?"]
[White "Marosi, Csaba"]
[Black "Lengyel, Laszlo"]
[Result "1/2-1/2"]
[WhiteElo "2310"]
[BlackElo "2225"]

1.e4 g6 2.d4 Bg7 3.Nc3 d6 4.Be2 c6 5.Be3 b5 6.a3 a6 7.f4 Nd7 8.Nf3 Ngf6 9.e5 Nd5
10.Nxd5 cxd5 11.O-O Nb6 12.b3 Bf5 13.Bd3 e6 14.Qe2 O-O 15.Bd2 Re8 16.Ba5 Qb8
17.a4 Bxd3 18.Qxd3 bxa4 19.Bxb6 Qxb6 20.Rxa4 Rec8 21.Rfa1 Rc6 22.Kf1 dxe5
23.fxe5 Qc7 24.c4 dxc4 25.bxc4 Rd8 26.Qe2 a5 27.c5 Ra8 28.Qb5 Rca6 29.Rb1 f6
30.Re1 fxe5 31.dxe5 Rc6 32.Rc1 Bf8 33.Ng5 Bxc5 34.Nxe6 Rxe6 35.Rxc5  1/2-1/2

[Event "HUN-chT2"]
[Site "HUN"]
[Date "1993.??.??"]
[Round "?"]
[White "Lendvai, Noemi"]
[Black "Tornai, Imre"]
[Result "0-1"]
[WhiteElo "2085"]
[BlackElo "2280"]

1.e4 g6 2.d4 Bg7 3.Nc3 d6 4.Be3 Nc6 5.h3 e5 6.Nf3 Nge7 7.Bc4 O-O 8.a3 exd4
9.Nxd4 Ne5 10.Ba2 N7c6 11.O-O Nxd4 12.Bxd4 Be6 13.f4 Bxa2 14.Rxa2 Nc6 15.Bxg7 Kxg7
16.f5 f6 17.Nd5 g5 18.h4 h6 19.Rf3 Ne5 20.Rg3 Kh7 21.hxg5 fxg5 22.Qh5 g4
23.f6 Rxf6 24.Nxf6+ Qxf6 25.Ra1 Rf8 26.Qf5+ Qxf5 27.exf5 Rxf5 28.Rc3 c6 29.Rd1 d5
30.Re3 Kg6 31.b3 Kf6 32.Rd4 b5 33.a4 c5 34.Rxd5 Nf3+ 35.Rxf3 gxf3 36.Rxf5+ Kxf5
37.axb5 fxg2 38.Kxg2 Ke4  0-1

[Event "HUN-chT2"]
[Site "HUN"]
[Date "1993.??.??"]
[Round "?"]
[White "Mozes, Zoltan"]
[Black "Lengyel, Laszlo"]
[Result "1-0"]
[WhiteElo "2240"]
[BlackElo "2225"]

1.e4 g6 2.d4 Bg7 3.Nc3 d6 4.Be3 Nf6 5.f3 O-O 6.Qd2 a6 7.O-O-O b5 8.Bh6 b4
9.Nce2 a5 10.h4 Re8 11.Bxg7 Kxg7 12.h5 e5 13.hxg6 fxg6 14.Qh6+ Kg8 15.dxe5 Rxe5
16.Nf4 Rc5 17.e5 Bf5 18.Bd3 Rxe5 19.Bc4+ Kh8 20.g4 g5 21.Nh5 Nxh5 22.Rxh5 Bxc2
23.Kxc2 Qe7 24.Bd3 Na6 25.Qg6  1-0

[Event "HUN-chT2"]
[Site "HUN"]
[Date "1993.??.??"]
[Round "?"]
[White "Ortel, Endre"]
[Black "Frink, Ferenc"]
[Result "1-0"]
[WhiteElo "2320"]
[BlackElo "2305"]

1.e4 g6 2.d4 Bg7 3.Nc3 d6 4.Be3 Nf6 5.f3 Nbd7 6.Qd2 c5 7.Nge2 Qa5 8.Bh6 Bxh6
9.Qxh6 b5 10.Qd2 b4 11.Nd1 Ba6 12.Ng3 Bxf1 13.Nxf1 O-O 14.Nfe3 Nb6 15.O-O Rfd8
16.d5 Rac8 17.a3 Rc7 18.Nf2 Qb5 19.Neg4 Nxg4 20.Nxg4 Nc4 21.Qd3 Nxa3 22.bxa3 c4
23.Qd4 h5 24.Nh6+ Kh7 25.Nxf7  1-0

[Event "HUN-chT"]
[Site "HUN"]
[Date "1993.??.??"]
[Round "?"]
[White "Almasi, Istvan"]
[Black "Ozsvath, Andras"]
[Result "1-0"]
[WhiteElo "2430"]
[BlackElo "2300"]

1.e4 g6 2.d4 Bg7 3.Nc3 d6 4.Be3 c6 5.Qd2 b5 6.Bd3 Nd7 7.Nf3 Ngf6 8.Bh6 Bxh6
9.Qxh6 e5 10.O-O Bb7 11.Rad1 exd4 12.Nxd4 Qe7 13.f3 a6 14.Nb3 a5 15.Bxb5 cxb5
16.Nxb5 Ra6 17.Nc7+ Kd8 18.Nxa6 Bxa6 19.Rf2 Qe5 20.Qd2 a4 21.Na5 Kc7 22.b4 g5
23.c4 Ra8 24.b5 Bc8 25.c5 dxc5 26.Nc4 Qe6 27.Qxg5 Kb8 28.b6 Bb7 29.Qg3+ Kc8
30.Nd6+ Kd8 31.Nxb7+ Ke7 32.Nxc5 Qc6 33.Nxd7 Nxd7 34.Rfd2  1-0

[Event "HUN-chT"]
[Site "HUN"]
[Date "1993.??.??"]
[Round "?"]
[White "Abel, Lajos"]
[Black "Boronyak, Arpad"]
[Result "1/2-1/2"]
[WhiteElo "2285"]
[BlackElo "2290"]

1.d4 g6 2.Nc3 Bg7 3.e4 d6 4.f4 Nf6 5.Nf3 O-O 6.Bd3 c5 7.dxc5 dxc5 8.e5 Nd5
9.Bd2 Nc6 10.Qe2 Bg4 11.Be4 Nd4 12.Qf2 Bxf3 13.gxf3 e6 14.h4 h5 15.Ne2  1/2-1/2

[Event "HUN-chT"]
[Site "HUN"]
[Date "1993.??.??"]
[Round "?"]
[White "Berecz, Arpad"]
[Black "Petran, Peter"]
[Result "0-1"]
[WhiteElo "2215"]
[BlackElo "2395"]

1.e4 g6 2.d4 Bg7 3.Nc3 d6 4.f4 a6 5.Nf3 b5 6.a4 b4 7.Nd5 a5 8.Bd3 Bb7 9.Ne3 Nd7
10.O-O c5 11.dxc5 Nxc5 12.Bb5+ Kf8 13.e5 dxe5 14.Nxe5 Nf6 15.Qe2 e6 16.N3c4 Nd5
17.Be3 Ne4 18.Rad1 Qc7 19.Bd4 Nef6 20.g4 Kg8 21.f5 exf5 22.gxf5 g5 23.Nd3 Bc6
24.Nde5 Be8 25.Qg2 h6 26.b3 Kh7 27.Kh1 Rb8 28.h4 Nf4 29.Rxf4 gxf4 30.Ng4 Bxb5
31.axb5 Nxg4 32.Bxg7 Kxg7 33.Qxg4+ Kh7 34.Rd6 Qb7+ 35.Rc6 Qxb5 36.Qh5 Qxc6+  0-1

[Event "HUN-chT"]
[Site "HUN"]
[Date "1993.??.??"]
[Round "?"]
[White "Dobos, Jozsef"]
[Black "Kincs, Imre"]
[Result "1/2-1/2"]
[WhiteElo "2340"]
[BlackElo "2300"]

1.e4 g6 2.d4 Bg7 3.Nc3 d6 4.Nf3 Nf6 5.Bf4 O-O 6.Qd2 a6 7.Bh6 Nc6 8.Bxg7 Kxg7
9.h3 b5 10.a3 e5 11.d5 Ne7 12.g4 h5 13.O-O-O hxg4 14.hxg4 Nxg4 15.Ng5 Rh8
16.Bg2 Nf6 17.Rxh8 Qxh8 18.Rh1 Nh5 19.Bf3 Qh6 20.Bxh5 gxh5 21.Rg1 Ng6 22.f4 exf4
23.Qd4+ f6 24.Ne6+ Bxe6 25.dxe6 Re8 26.Qa7 Rxe6 27.Qxc7+ Kf8  1/2-1/2

[Event "HUN-chT"]
[Site "HUN"]
[Date "1993.??.??"]
[Round "?"]
[White "Borocz, Istvan"]
[Black "Poor, Istvan"]
[Result "0-1"]
[WhiteElo "2275"]
[BlackElo "2235"]

1.e4 g6 2.d4 Bg7 3.Nc3 d6 4.Nf3 Nf6 5.Be2 O-O 6.O-O Bg4 7.Be3 Nc6 8.Qd2 e5
9.d5 Ne7 10.Rad1 Nd7 11.Ng5 Bxe2 12.Nxe2 h6 13.Nh3 g5 14.Kh1 f5 15.exf5 Nxf5
16.Ng3 Nxg3+ 17.fxg3 Rxf1+ 18.Rxf1 Qe7 19.Nf2 Rf8 20.Re1 Nf6 21.c4 c5 22.b4 b6
23.bxc5 bxc5 24.Rb1 Qd7 25.Qd3 e4 26.Qe2 Qf5 27.a4 h5 28.Nh3 Ng4 29.Bxg5 e3
30.Rd1 Bd4 31.Bf4 Rb8 32.Bxd6 Rb2 33.Qe1 Nf2+ 34.Nxf2 Qxf2 35.Qxf2 Rxf2 36.Kg1 e2  0-1

[Event "HUN-chT"]
[Site "HUN"]
[Date "1993.??.??"]
[Round "?"]
[White "Boronyak, Arpad"]
[Black "Szirmai, Eduard"]
[Result "1-0"]
[WhiteElo "2290"]
[BlackElo "2245"]

1.e4 g6 2.d4 Bg7 3.Nc3 d6 4.f4 Nc6 5.Be3 Nf6 6.Be2 O-O 7.d5 Nb8 8.g4 c6 9.g5 Nfd7
10.Bd4 f6 11.h4 Nc5 12.h5 e5 13.dxe6 Nxe6 14.Bc4 b5 15.Bxe6+ Bxe6 16.hxg6 hxg6
17.f5 Bc4 18.fxg6 fxg5 19.Qh5 Rf1+ 20.Kd2 Rf6 21.Bxf6 Qxf6 22.Nge2 b4 23.Raf1 bxc3+
24.bxc3 Nd7 25.Qh7+ Kf8 26.Rxf6+ Nxf6 27.Rf1 Rd8 28.Rxf6+ Bxf6 29.Nd4 Bg7
30.Nf5  1-0

[Event "HUN-chT"]
[Site "HUN"]
[Date "1993.??.??"]
[Round "?"]
[White "Boros, Daniel"]
[Black "Szirmai, Eduard"]
[Result "1-0"]
[WhiteElo "2220"]
[BlackElo "2265"]

1.e4 g6 2.d4 Bg7 3.Nc3 d6 4.f4 Nc6 5.Nf3 Bg4 6.Be3 e5 7.dxe5 dxe5 8.Qxd8+ Rxd8
9.Bb5 Bxf3 10.gxf3 Ne7 11.Kf2 O-O 12.Rad1 a6 13.Bc4 Nd4 14.fxe5 Bxe5 15.Bg5 Ndc6
16.Nd5 Bd6 17.Bh6 Bc5+ 18.Kg2 Nxd5 19.exd5 Nd4 20.Bxf8 Kxf8 21.b4 Bb6 22.Bb3 Nf5
23.Rd3 Re8 24.c4 Bd4 25.Kh3 Re2 26.Rhd1 Be3 27.Rc3 Rf2 28.Rc2 Rxf3+ 29.Kg2 Nh4+
30.Kh1 Bf4 31.c5 g5 32.d6 cxd6 33.Bd5 Re3 34.Bxb7 dxc5 35.bxc5 Bc7 36.Bxa6 Nf5
37.Bc8 Ne7 38.Bd7 Ng6 39.Bf5 Nf4 40.Bxh7 Kg7 41.Bf5 Kf6 42.Bc8 Ke5 43.Bb7 g4
44.Bg2 f5 45.c6 Ne6 46.Bf1 f4 47.Rg2 g3 48.hxg3 f3 49.Rgd2 Ke4 50.Bd3+ Ke5
51.Bc4 Kf5 52.Rd3 Re5 53.Bxe6+ Rxe6 54.Rxf3+ Kg4 55.Rc3 Kh3 56.g4+ Kxg4 57.Rd4+ Bf4
58.Rxf4+  1-0

[Event "HUN-chT"]
[Site "HUN"]
[Date "1993.??.??"]
[Round "?"]
[White "Csoke, Krisztian"]
[Black "Lajos, Janos"]
[Result "1-0"]
[WhiteElo "2280"]
[BlackElo "2350"]

1.e4 g6 2.d4 Bg7 3.Nc3 d6 4.f4 e6 5.Nf3 Ne7 6.Be2 Nd7 7.O-O O-O 8.Be3 b6
9.Qe1 Bb7 10.Kh1 d5 11.e5 c5 12.g4 a6 13.Rd1 Rc8 14.Nb1 cxd4 15.Nxd4 Nc6
16.Nxc6 Rxc6 17.c3 g5 18.Qg3 f6 19.exf6 gxf4 20.Rxf4 Nxf6 21.g5 Nd7 22.Rxf8+ Qxf8
23.Rf1 Qe7 24.Bf3 Rc8 25.Nd2 e5 26.Qg2 Qd6 27.Rd1 Qc6 28.Nb3 e4 29.Bg4 Re8
30.Qh3 Nf8 31.Nd4 Qc7 32.Ne6 Nxe6 33.Bxe6+ Kh8 34.g6 Be5 35.Bf7  1-0

[Event "HUN-chT"]
[Site "HUN"]
[Date "1993.??.??"]
[Round "?"]
[White "Csoke, Krisztian"]
[Black "Szekeres, Tibor"]
[Result "1-0"]
[WhiteElo "2280"]
[BlackElo "2220"]

1.e4 g6 2.d4 Bg7 3.Nc3 d6 4.f4 Nc6 5.Be3 Nh6 6.Be2 f5 7.d5 Nb8 8.Bd4 Bxd4
9.Qxd4 Rg8 10.e5 c5 11.Qe3 a6 12.Qh3 Ng4 13.Bxg4 fxg4 14.Qxh7 Kf8 15.e6 Rg7
16.Qh8+ Rg8 17.Qh6+ Rg7 18.h3 g3 19.Nf3 b5 20.Ng5  1-0

[Event "HUN-chT"]
[Site "HUN"]
[Date "1993.??.??"]
[Round "?"]
[White "Kovacs, Gabor"]
[Black "Szabo, Zsolt"]
[Result "1/2-1/2"]
[WhiteElo "2240"]
[BlackElo "2275"]

1.e4 d6 2.d4 g6 3.Nc3 Bg7 4.Be3 c6 5.Qd2 b5 6.Bd3 Nd7 7.Nge2 Nb6 8.O-O a5
9.f4 Nf6 10.h3 O-O 11.f5 b4 12.Nd1 Ba6 13.Bxa6 Rxa6 14.Qd3 Ra8 15.fxg6 hxg6
16.Nf4 Nbd7 17.Nf2 e5 18.Ne2 exd4 19.Nxd4 Nc5 20.Qc4 Qe8 21.Rae1 Nfxe4 22.Nxe4 Nxe4
23.c3 d5 24.Qd3 Qd7 25.Rd1 Rfe8 26.Bc1 bxc3 27.bxc3 Rab8 28.Ne2 Qe7 29.Nd4 Qc5
30.Bd2 Rbc8 31.Rc1 Qa7 32.Be3 Qe7 33.Rce1 Qd7 34.Bd2 Nxd2 35.Qxd2 Rxe1 36.Rxe1 c5
37.Nf3 d4 38.cxd4 cxd4 39.Qxa5 d3 40.Rd1 Rd8 41.Kf1 Qd6 42.Qd2 Qb6 43.Ne1 Rd5
44.Nf3 Bf6 45.Rc1 Kg7 46.g4 Qa6 47.Rd1 Qc6 48.Qf4 Ra5 49.Rxd3 Rxa2 50.g5 Bb2
51.Rd2 Ra1+ 52.Kg2 Qc1 53.Kg3 Bc3 54.Rd7 Be1+ 55.Kg4 Qxf4+ 56.Kxf4 Bc3 57.h4 Ra4+  1/2-1/2

[Event "HUN-chT"]
[Site "HUN"]
[Date "1993.??.??"]
[Round "?"]
[White "Laszlo, Janos"]
[Black "Poor, Istvan"]
[Result "0-1"]
[WhiteElo "2305"]
[BlackElo "2235"]

1.d4 g6 2.e4 Bg7 3.Nc3 d6 4.Nf3 Nf6 5.Bf4 O-O 6.Qd2 c6 7.O-O-O b5 8.Bd3 Qa5
9.Kb1 b4 10.Ne2 Be6 11.Nc1 Qb6 12.Bh6 c5 13.dxc5 dxc5 14.Bxg7 Kxg7 15.Ne5 Nc6
16.Nxc6 Qxc6 17.e5 Nd5 18.Rhe1 Qb6 19.Ka1 Rfd8 20.Qg5 h6 21.Qg3 Nc3 22.bxc3 bxc3
23.Nb3 c4 24.Bxc4 Bxc4 25.Qxc3 Be6 26.Qc5 Qb7 27.Kb2 Rdc8 28.Qa5 Qxg2 29.Rd2 Qxh2
30.Red1 Rab8 31.Ka1 Qf4  0-1

[Event "IRL-ch"]
[Site "?"]
[Date "1993.??.??"]
[Round "8"]
[White "Clarke, Thomas"]
[Black "Noyce, Robert"]
[Result "1-0"]
[WhiteElo "2205"]
[BlackElo "2245"]

1.d4 g6 2.e4 d6 3.Nc3 Bg7 4.f4 c6 5.Nf3 Bg4 6.Be3 Qb6 7.Qd2 Bxf3 8.gxf3 e6
9.f5 exf5 10.O-O-O Qa5 11.Kb1 Na6 12.h4 O-O-O 13.Qh2 Ne7 14.Bf4 d5 15.exf5 Nxf5
16.Bh3 Qb6 17.Bxf5+ gxf5 18.Qh3 Rd7 19.Qxf5 Qd8 20.Bg5 f6 21.Bf4 b6 22.h5 Kb7
23.h6 Bf8 24.a3 Nc7 25.Ne2 Bd6 26.Bxd6 Rxd6 27.Nf4 Qc8 28.Rh5 Qxf5 29.Rxf5 Kc8
30.Rg1 Ne8 31.c3 Rf8 32.Kc2 Kd7 33.Kd3 Ke7 34.b3 Kf7 35.Nh5 Rg8 36.Rxg8 Kxg8
37.c4 dxc4+ 38.bxc4 Kf7 39.Nf4 Nc7 40.d5 c5 41.a4 Rd8 42.Kc3 Ne8 43.Rh5 Nd6
44.Ne6 Rg8 45.Ng7 Ne8 46.Nxe8 Rxe8 47.Kd3 Kg6 48.Rh1 Kg5 49.a5 Rd8 50.Rg1+ Kxh6
51.axb6 axb6 52.Ke4 Rd6 53.f4 Rd8 54.Kf5 Rd6 55.Rg2 b5 56.cxb5 Rxd5+ 57.Kxf6 Kh5
58.Ke6 Rd4 59.f5 Rb4 60.f6 Rxb5 61.f7 Rb6+ 62.Kf5  1-0

[Event "Jakarta Interzonal (Women)"]
[Site "Jakarta"]
[Date "1993.??.??"]
[Round "?"]
[White "Lumongdong, Lisa Karlina"]
[Black "Semenova, Lidia K"]
[Result "0-1"]
[WhiteElo "2080"]
[BlackElo "2285"]

1.e4 g6 2.d4 Bg7 3.Nc3 d6 4.g3 Nc6 5.Be3 e5 6.dxe5 Nxe5 7.f4 Nc6 8.Bg2 Be6
9.Nge2 Qd7 10.Nd5 Nge7 11.Qd2 a6 12.O-O-O O-O-O 13.Nec3 Kb8 14.Kb1 Rhe8 15.Qf2 Qc8
16.Rd3 f5 17.Nxe7 Nxe7 18.Bd4 Bxd4 19.Rxd4 fxe4 20.Nxe4 Nc6 21.Rd2 h6 22.h4 Bf5
23.Nc3 h5 24.Bxc6 bxc6 25.Re1 Kb7 26.a3 Qd7 27.Rde2 Bg4 28.Re3 Rxe3 29.Qxe3 Bf5
30.Ne4 c5 31.Nf6 Qc6 32.Ne4 Ka8 33.Nc3 Rb8 34.Qc1 d5 35.Ka1 d4 36.Nd1 Qa4
37.Re2 c4 38.Nf2 c6 39.Ka2 Qb5 40.Re1 Qb6 41.Nd1 c3 42.bxc3 d3 43.cxd3 Bxd3
44.Ne3 Qb3+ 45.Ka1 Qa4 46.Ka2 Rb1 47.Qxb1 Bxb1+ 48.Rxb1 Qe4 49.Nf1 Qg2+ 50.Kb3 Qe2
51.Rc1 Kb7 52.Rb1 c5 53.a4 Kc6 54.Rc1 c4+ 55.Ka3 a5 56.Rb1 Qc2  0-1

[Event "Katerini GP"]
[Site "Katerini"]
[Date "1993.??.??"]
[Round "4"]
[White "Stefansson, Hannes"]
[Black "Nikolic, Stanimir"]
[Result "1-0"]
[WhiteElo "2500"]
[BlackElo "2325"]

1.e4 g6 2.d4 Bg7 3.Nc3 d6 4.f4 c6 5.Nf3 Bg4 6.Be3 d5 7.h3 Bxf3 8.Qxf3 dxe4
9.Nxe4 Qa5+ 10.Bd2 Qb6 11.Bc3 Nd7 12.Bc4 Ngf6 13.Nxf6+ Nxf6 14.O-O-O e6 15.g4 O-O-O
16.f5 exf5 17.d5 cxd5 18.Bd4 Qa5 19.Bb3 Rhe8 20.gxf5 Bh6+ 21.Kb1 Ne4 22.c3 Nd2+
23.Rxd2 Bxd2 24.Qf2 Bg5 25.h4 Bh6 26.h5 gxh5 27.Rxh5 Qa6 28.Rh3 Re2 29.Qh4 Be3
30.Bc2 Re8 31.a3 Bxd4 32.cxd4 Re1+ 33.Ka2 Qc4+ 34.Bb3 Qf1 35.Rc3+ Kb8 36.Ba4 Rg8
37.Qf6 Ra1+ 38.Kb3 a5 39.Qd6+ Ka7 40.Qc5+ Ka6 41.Bd7 Rb8 42.Qxd5 Qd1+ 43.Rc2 Qd3+
44.Rc3 Qd1+ 45.Kc4 Qe2+ 46.Kc5 Qxb2 47.Rb3 b6+ 48.Kd6 Qh2+ 49.Qe5 Ra2 50.Ke7 Re2
51.Bb5+ Ka7 52.Bxe2 Qh6 53.Rc3 Qf8+ 54.Kf6 Qh6+ 55.Kxf7 Qf8+ 56.Ke6 Qg8+
57.Kd6 Rd8+ 58.Kc6 Rc8+ 59.Kb5 Rxc3 60.Qe7+ Kb8 61.Kxb6 Qd5 62.Qe8+ Rc8 63.Qe5+ Qxe5
64.dxe5 Rc2 65.Bb5 Rf2 66.e6 Rxf5 67.e7 Re5 68.e8=Q+ Rxe8 69.Bxe8  1-0